Á lódáil...

Loudon's encyclopaedia of plants

Sonraí Bibleagrafaíochta
Príomhúdar: Loudon
Formáid: Printed Book
Teanga:Undetermined
English
Foilsithe: Poona Prakash Publishing House 1973
Ábhair:
LEADER 00620nam a2200157Ia 4500
008 140306s9999 xx 000 0 und d
041 |a eng 
082 |a 580  |b LOU.2 
100 |a Loudon 
245 |a Loudon's encyclopaedia of plants 
260 |a Poona  |b Prakash Publishing House  |c 1973 
650 |a Botany 
942 |2 ddc  |c BK 
999 |c 118147  |d 118147 
952 |0 0  |1 0  |2 ddc  |4 0  |6 580_LOU_200000000000000  |7 0  |9 117118  |a KAUHCV  |b KAUHCV  |d 2004-05-03  |o 580 LOU.2  |p KAU_HCV-985  |r 2014-03-22  |w 2014-03-22  |y BK 
952 |0 0  |1 0  |2 ddc  |4 0  |6 580_LOU_200000000000000  |7 0  |9 117119  |a KAUHCV  |b KAUHCV  |d 2004-05-03  |o 580 LOU.2  |p KAU_HCV-986  |r 2014-03-22  |w 2014-03-22  |y BK